Peter Pan (Registo nº 1209)

Detalhes MARC
000 -Etiqueta do registo
Cabeçalho 00637nam0a2200229 4500
005 - Identificador da versão
Campo de controlo 20240813121829.0
010 ## - Número internacional normalizado dos livros (ISBN)
Número (ISBN) 8497898818
100 ## - Dados gerais de processamento
Dados gerais de processamento 20160609d2004 m y0pory5003 ba
102 ## - Pais de publicação ou produção
País de publicação Portugal
101 1# - Língua de publicação
Língua do texto, banda sonora, etc. Português
Língua do documento no original Inglês
215 ## - Descrição física 
Indicação específica da natureza do documento e extensão da espécie 205 p
200 1# - Titulo e menção de responsabilidade
Título próprio Peter Pan
Primeira menção de responsabilidade James M. Barrie
225 2# - Colecção 
Título próprio da colecção Geração Público
Indicação de volume 28
210 ## - Publicação, Distribuição, etc. 
Lugar da edição, distribuição, etc. Porto
Nome do editor, distribuidor, etc. Público
Data da publicação, distribuição, etc. cop. 2004
606 ## - Nome comum usado como assunto
Número de registo de entrada de autoridade 0002043
Palavra de ordem Literatura inglesa
Subdivisão de assunto Romances de aventuras
Código do sistema CA
675 ## - Classificação Decimal Universal (CDU)
Notação 821.111-311.3
Edição 3ª ed.
Língua da edição por
700 #1 - Nome de autor-pessoa física (responsabilidade principal)
Número de registo de entrada de autoridade 0001702
Palavra de ordem Barrie
Outra parte do nome não tomada para palavra de ordem James Matthew
Datas 1860-1937
966 ## - Identificação da Biblioteca
Sigla EB2,3ENM
942 ## - Elementos de entrada adicionados (Koha)
Tipo de item no Koha Livro
Exemplares
Situação do levantamento Origin of item (home branch) (coded) Biblioteca de empréstimo Código de barras Cota Circulation type (not for loan) Tipo de documento Nota do exemplar Damaged status
  Biblioteca Escolar Eng. Nuno Mergulhão Biblioteca Escolar Eng. Nuno Mergulhão BENM1061 82LE-3 BAR   Livro Sem mensagem